Telescope power : Fantastic activities & easy projects for young astronomers

Wedi'i Gadw mewn:
Manylion Llyfryddiaeth
Prif Awdur: Matloff, Gregory L.
Fformat: Llyfr
Iaith:Undetermined
Cyhoeddwyd: New York J. Wiley 1993
Pynciau:
Tagiau: Ychwanegu Tag
Dim Tagiau, Byddwch y cyntaf i dagio'r cofnod hwn!
Thư viện lưu trữ: Trung tâm Học liệu Trường Đại học Cần Thơ
LEADER 00735nam a2200217Ia 4500
001 CTU_131059
008 210402s9999 xx 000 0 und d
020 |c 12.95 
082 |a 522.2078 
082 |b M433 
100 |a Matloff, Gregory L. 
245 0 |a Telescope power : 
245 0 |b Fantastic activities & easy projects for young astronomers 
245 0 |c Gregory L. Matloff ; With drawings by Constance Bangs 
260 |a New York 
260 |b J. Wiley 
260 |c 1993 
650 |a Telescopes,Telescopes,Astronomy,Astronomy,Experiments 
650 |x Experiments,Juvenile literature,Experiments,Experiments,Juvenile literature,Experiments 
904 |i Giang 
980 |a Trung tâm Học liệu Trường Đại học Cần Thơ